Comunistas oficiales y extraoficiales en competencia: el rol asignado a la Internacional ante el surgimiento de la facción “chispista” en el PC de la Argentina

En 1925 tuvo lugar la segunda escisión del Partido Comunista de la Argentina (PC), originada en el surgimiento de la facción denominada “chispista”. Durante este proceso de ruptura la Internacional Comunista (IC) desempeñó un rol de primer orden. Nuestra hipótesis es que la manera en que tanto la fa...

Full description

Bibliographic Details
Main Author: Piemonte, Víctor Augusto
Format: Analitica de revista
Language:Spanish
Published: Buenos Aires: Centro de Estudios Históricos de los Trabajadores y las Izquierdas,(CEHTI), 2014.
Subjects:
Online Access:Acceso electrónico al documento

MARC

LEADER 00000cab a2200000 a 4500
008 160613s2014 ag 000 spa
952 |0 0  |1 0  |4 0  |6 ARCHIVOS_5_14_000000000000000  |7 0  |8 COMP  |9 89585  |a BC  |b BC  |c Hemeroteca  |d 2018-03-23  |l 0  |o ARCHIVOS-5/14  |r 2018-03-23 00:00:00  |w 2018-03-23  |y REVA 
999 |c 50458  |d 50458 
040 |a UAHC_CL  |c UAHC_CL  |d UAHC_CL 
100 |9 2580  |a Piemonte, Víctor Augusto  
245 |a Comunistas oficiales y extraoficiales en competencia:  |b el rol asignado a la Internacional ante el surgimiento de la facción “chispista” en el PC de la Argentina  |c Víctor Augusto Piemonte. 
260 |a Buenos Aires:  |b Centro de Estudios Históricos de los Trabajadores y las Izquierdas,(CEHTI),  |c 2014. 
300 |a p. 93-112 
500 |a En: Archivos de historia del movimiento obrero y la izquierda. Año III, no. 5, septiembre 2014. pp. 93-112. ISSN: 2313-9749. 
520 |a En 1925 tuvo lugar la segunda escisión del Partido Comunista de la Argentina (PC), originada en el surgimiento de la facción denominada “chispista”. Durante este proceso de ruptura la Internacional Comunista (IC) desempeñó un rol de primer orden. Nuestra hipótesis es que la manera en que tanto la facción “chispista” como la mayoría de la dirección del PC decidieron resolver el conflicto, acudiendo por iniciativa propia a la intermediación de la IC, permite dar cuenta de la existencia de una intervención solicitada por la sección argentina y no impuesta por Moscú. Esta hipótesis es puesta a prueba mediante el trabajo de archivo de procedencia soviética y con la prensa comunista local. La búsqueda del reconocimiento de la IC por parte de los comunismos “oficial” y “extraoficial” fue continuada incluso después de producida la ruptura “chispista” a partir de la acción del flamante Partido Comunista Obrero. 
650 0 |a Socialismo  |z Argentina  |9 2482 
653 |a Partido comunista argentino 
653 |a Internacional Comunista 
773 |t Archivos de historia del movimiento obrero y la izquierda 
856 |y Acceso electrónico al documento  |u http://www.archivosrevista.com.ar.ca1.toservers.com/contenido/wp-content/uploads/2014/09/Piemonte.pdf 
900 |a ARCHIVOS-5/14 
942 |c REVA